00445nam a2200193Ia 4500008004100000020001800041050001400059100002000073245001900093245002300112260001400135260001300149260000900162300001500171300002000186300001000206300002700216500000800243170918s9999 xx 000 0 und d a9780746078129 bL657 2005 aLevene, Rebecca aCaptain cook / cby Rebecca Levene. aEngland : bUsborne, c2005 a61 pages : billustrations ; c19cm. eUsborne young reading. a880